000 00928cam a2200265 a 4500
999 _c6954
_d6954
001 11973797
003 GBCCL
005 20241126110616.0
008 000413s2000 nyua 001 0 eng
010 _a 00031083
020 _a0762102772
040 _aDLC
_cDLC
_dDLC
050 0 0 _aD24
_b.H69 2000
082 0 0 _a902
_221
_bREA
245 0 0 _aHow did it really happen? /
_cReader's Digest.
260 _aPleasantville, N.Y. :
_bThe Digest ,
_c2000.
300 _a351 p. :
_bill. (some col.) ;
_c29 cm.
500 _aIncludes index.
650 0 _aHistory
_vMiscellanea.
_912378
650 0 _aCuriosities and wonders.
_912309
710 2 _aReader's Digest Association.
_96294
906 _a7
_bcbc
_corignew
_d1
_eocip
_f20
_gy-gencatlg
942 _2ddc
_cREF